000 00430nam a22001457a 4500
999 _c8085
_d8085
003 OSt
005 20200706123751.0
008 200706b ||||| |||| 00| 0 eng d
020 _a9781440314124
082 _a736.98
_bWIT
100 _a Witkowski, Trish
245 _aPaper folding templates for print design : formats, techniques, and design considerations for innovative paper folding
260 _bHOW Books
_c2012
942 _2ddc